Score 0/16 Timer 01:00
7 Plays Today
% Correct
Reindeer
93.9%
Town
93.9%
Bell
93.3%
Wonderful
92.8%
Kissing
92.7%
Boy
92.7%
Home
91.1%
You
91%
% Correct
Cold
91%
Bethlehem
90.1%
Beginning
88.6%
Rockin'
85.4%
Gentlemen
81%
Grandma
79.8%
Angels
73%
Carol
61.5%

Today's Daily Dose

Remove Ads.
Support Sporcle.
Get the best of Sporcle when you Go Orange. This ad-free experience offers more features, more stats, and more fun while also helping to support Sporcle. Thank you for becoming a member.

You're not logged in!

Compare scores with friends on all Sporcle quizzes.
OR
Log In

Show Comments

Extras

Top Quizzes Today


Score Distribution

Your Account Isn't Verified!

In order to create a playlist on Sporcle, you need to verify the email address you used during registration. Go to your Sporcle Settings to finish the process.

Report this User

Report this user for behavior that violates our Community Guidelines.

Details: